Manual de las almas interiores
محفوظ في:
| المؤلف الرئيسي: | |
|---|---|
| التنسيق: | كتاب |
| اللغة: | الإسبانية |
| منشور في: |
Barcelona
Gustavo Gili
1910
|
| الطبعة: | 1a. ed |
| الموضوعات: | |
| الوسوم: |
إضافة وسم
لا توجد وسوم, كن أول من يضع وسما على هذه التسجيلة!
|
MARC
| LEADER | 00000cam a2200000 a 4500 | ||
|---|---|---|---|
| 001 | UCD0327 | ||
| 003 | CL-VaPUC | ||
| 008 | 151120e19100000sp |||||||||||||||||spa|d | ||
| 082 | 0 | 4 | |a 291.4 |b GRO |2 21 |
| 100 | 0 | |a Grou, Juan Nicolás |e author |9 583317 | |
| 245 | 1 | 0 | |a Manual de las almas interiores |
| 250 | |a 1a. ed | ||
| 300 | |a 361 p | ||
| 942 | |c BK | ||
| 945 | |d 20151120 13:39:00 |a gsalatino | ||
| 260 | |a Barcelona |b Gustavo Gili |c 1910 | ||
| 650 | 7 | |a MEDITACION |2 CL-VaPUC |9 313094 | |
| 650 | 0 | |a Vida espiritual |9 307811 | |
| 650 | 0 | |a Vida cristiana |9 258753 | |
| 583 | |a last modification |c 20151120 13:39:00 |k Rodrigo Vera | ||
| 999 | |c 361892 |d 361890 | ||
| 952 | |0 0 |1 0 |3 erd |4 0 |6 291_400000000000000_GRO_1910 |7 0 |8 P |9 472638 |a BIBTEO |b BIBTES |c TEO_FTES |i 5271606 |o 291.4 GRO 1910 |p 5271606 |r 2024-01-18 |w 2019-11-24 |y BK |z Catalogado en:20151120 |k ICR | ||